El caso Nietzsche

Guardado en:
書目詳細資料
主要作者: Vincenzi, Moisés
格式: 圖書
語言:Undetermined
出版: San José, Costa Rica Gutemberg 1930
主題:
標簽: 添加標簽
沒有標簽, 成為第一個標記此記錄!

MARC

LEADER 00000nam a2200000Ia 4500
008 170316s9999 xx 000 0 und d
090 |a 100 V-16c 
100 |a Vincenzi, Moisés 
245 |a El caso Nietzsche 
260 |a San José, Costa Rica 
260 |b Gutemberg 
260 |c 1930 
300 |a 52 páginas 
650 |a FILOSOFÍA 
999 |c 17845  |d 17845 
040 |a cru BVZT 
942 |c 15 D  |h 100 V-16c  |2 z